Кн. 1; Детали машин. Курсовое проектирование
| Источник: | Детали машин. Курсовое проектирование: учебник/ В. В. Гурин, В. М. Замятин, А. М. Попов; Томский политехнический университет (ТПУ). Кн. 1.— , 2009 |
|---|---|
| Примечания: | Заглавие с титульного экрана Электронная версия печатной публикации Режим доступа: из корпоративной сети ТПУ |
| Язык: | русский |
| Опубликовано: |
2009
|
| Предметы: | |
| Online-ссылка: | http://www.lib.tpu.ru/fulltext2/m/2011/m14.pdf |
| Формат: | Электронный ресурс Книга |
| Запись в KOHA: | https://koha.lib.tpu.ru/cgi-bin/koha/opac-detail.pl?biblionumber=190344 |
MARC
| LEADER | 00000nlm2a2200000 4500 | ||
|---|---|---|---|
| 001 | 190344 | ||
| 005 | 20231101224259.0 | ||
| 035 | |a (RuTPU)RU\TPU\book\207389 | ||
| 090 | |a 190344 | ||
| 100 | |a 20110120d2009 m y0rusy50 ca | ||
| 101 | 0 | |a rus | |
| 102 | |a RU | ||
| 105 | |a a j 001zy | ||
| 135 | |a drcn ---uucaa | ||
| 181 | 0 | |a i | |
| 182 | 0 | |a b | |
| 200 | 0 | |a Кн. 1 |b Электронный ресурс | |
| 203 | |a Текст |c электронный | ||
| 210 | |d 2009 | ||
| 230 | |a 1 компьютерный файл (pdf; 4.2 MB) | ||
| 300 | |a Заглавие с титульного экрана | ||
| 300 | |a Электронная версия печатной публикации | ||
| 333 | |a Режим доступа: из корпоративной сети ТПУ | ||
| 337 | |a Adobe Reader | ||
| 452 | 1 | |0 (RuTPU)RU\TPU\book\194838 |y 978-5-98298-5514 |t Кн. 1 |d 2009 |p 367 с. | |
| 461 | 1 | |0 (RuTPU)RU\TPU\book\206622 |t Детали машин. Курсовое проектирование |o учебник |o в 2 кн. |f В. В. Гурин, В. М. Замятин, А. М. Попов |g Томский политехнический университет (ТПУ) |v Кн. 1 |d 2009 | |
| 606 | 1 | |a Детали машин |x Курсовое проектирование |2 stltpush |3 (RuTPU)RU\TPU\subj\9171 |9 36449 | |
| 610 | 1 | |a курсовое проектирование | |
| 610 | 1 | |a конструкторская документация | |
| 610 | 1 | |a текстовые технические документы | |
| 610 | 1 | |a графика | |
| 610 | 1 | |a чертежи | |
| 610 | 1 | |a допуски | |
| 610 | 1 | |a посадки | |
| 610 | 1 | |a механические передачи | |
| 610 | 1 | |a зубчатые передачи | |
| 610 | 1 | |a червячные передачи | |
| 610 | 1 | |a цепные передачи | |
| 610 | 1 | |a ременные передачи | |
| 610 | 1 | |a валы | |
| 610 | 1 | |a штифтовые соединения | |
| 610 | 1 | |a шпоночные соединения | |
| 610 | 1 | |a шлицевые соединения | |
| 610 | 1 | |a фланцевые соединения | |
| 610 | 1 | |a опоры | |
| 610 | 1 | |a подшипники качения | |
| 610 | 1 | |a подшипниковые узлы | |
| 610 | 1 | |a конструирование | |
| 610 | 1 | |a поверхности трения | |
| 610 | 1 | |a смазывание | |
| 610 | 1 | |a смазочные материалы | |
| 610 | 1 | |a смазочные устройства | |
| 610 | 1 | |a резьбовые соединения | |
| 610 | 1 | |a корпусные детали | |
| 610 | 1 | |a редукторы | |
| 610 | 1 | |a муфты | |
| 610 | 1 | |a двигатели | |
| 610 | 1 | |a покрытия | |
| 610 | 1 | |a машиностроение | |
| 610 | 1 | |a учебники | |
| 610 | 1 | |a труды учёных ТПУ | |
| 610 | 1 | |a электронный ресурс | |
| 675 | |a 621.81.001.63(075.8) |v 3 | ||
| 801 | 1 | |a RU |b 63413507 |c 20110120 | |
| 856 | 4 | |u http://www.lib.tpu.ru/fulltext2/m/2011/m14.pdf | |
| 942 | |c CF | ||